A BEGINNER'S GUIDE TO TROPICAL FISH (Record no. 18474)

MARC details
000 -LEADER
fixed length control field 00469nam a22001697a 4500
003 - CONTROL NUMBER IDENTIFIER
control field OSt
005 - DATE AND TIME OF LATEST TRANSACTION
control field 20211116115256.0
008 - FIXED-LENGTH DATA ELEMENTS--GENERAL INFORMATION
fixed length control field 211116b |||||||| |||| 00| 0 eng d
020 ## - INTERNATIONAL STANDARD BOOK NUMBER
International Standard Book Number 0-86622-704-0
040 ## - CATALOGING SOURCE
Transcribing agency HAWASSA UNIVERSITY
050 ## - LIBRARY OF CONGRESS CALL NUMBER
Classification number 639.3/RIC
Item number 1
082 ## - DEWEY DECIMAL CLASSIFICATION NUMBER
Classification number 639.3/RIC
Item number 1
100 ## - MAIN ENTRY--PERSONAL NAME
Personal name DR. RICHARDS HERBERT
Fuller form of name DR.RICHARDS HERBERT
9 (RLIN) 18614
245 ## - TITLE STATEMENT
Title A BEGINNER'S GUIDE TO TROPICAL FISH
260 ## - PUBLICATION, DISTRIBUTION, ETC.
Place of publication, distribution, etc. NEPUTUNE CITY
Name of publisher, distributor, etc. T.F.H.
Date of publication, distribution, etc. 1986
942 ## - ADDED ENTRY ELEMENTS (KOHA)
Source of classification or shelving scheme Dewey Decimal Classification
Koha item type Books like text book referance book
Suppress in OPAC No

No items available.